Hydraulic lime mortar for stone brick and block masonry (Record no. 103316)
[ view plain ]
| 000 -LEADER | |
|---|---|
| fixed length control field | 01284cam a2200277 4500 |
| 008 - FIXED-LENGTH DATA ELEMENTS--GENERAL INFORMATION | |
| fixed length control field | 040128n2003 000 0 eng u |
| 020 ## - INTERNATIONAL STANDARD BOOK NUMBER | |
| International Standard Book Number | 1873394640 |
| 035 ## - SYSTEM CONTROL NUMBER | |
| System control number | (Sirsi) u124935 |
| 041 ## - LANGUAGE CODE | |
| Language code of text/sound track or separate title | eng |
| 050 ## - LIBRARY OF CONGRESS CALL NUMBER | |
| Classification number | 691.5 |
| -- | 18 |
| 100 ## - MAIN ENTRY--PERSONAL NAME | |
| Personal name | Farey, M. |
| 245 ## - TITLE STATEMENT | |
| Title | Hydraulic lime mortar for stone brick and block masonry |
| 260 ## - PUBLICATION, DISTRIBUTION, ETC. | |
| Place of publication, distribution, etc. | Shaftesbury |
| Name of publisher, distributor, etc. | Donhead |
| Date of publication, distribution, etc. | 2003 |
| 300 ## - PHYSICAL DESCRIPTION | |
| Extent | x, 84p. |
| Dimensions | 25cm |
| 350 ## - PRICE (NR) (BK AM CF MU VM SE) [OBSOLETE] | |
| Price | 20 |
| 520 ## - SUMMARY, ETC. | |
| Summary, etc. | This best practice guide to using hydraulic lime mortar is the result of a research project which studied the performance application and classificiation of hydraulic limes for the construction industry. It examines in detail the functions and properties of hydraulic lime mortars, the constituent materials, workmanship, appearance, strength requirements and all aspects of selecting for durability in various types of weather condtions. The book contains tables and charts with all the required data to support the text, in addition to a section of colour illustrations showing lime mortar in use. |
| 650 ## - SUBJECT ADDED ENTRY--TOPICAL TERM | |
| Topical term or geographic name entry element | LIME MORTARS |
| 690 ## - LOCAL SUBJECT ADDED ENTRY--TOPICAL TERM (OCLC, RLIN) | |
| Topical term or geographic name as entry element | BUILT ENVIRONMENT-BUILDING MATERIALS |
| 700 ## - ADDED ENTRY--PERSONAL NAME | |
| Personal name | Allen, J. |
| 700 ## - ADDED ENTRY--PERSONAL NAME | |
| Personal name | Elton, N. |
| 700 ## - ADDED ENTRY--PERSONAL NAME | |
| Personal name | Farey, M. |
| 700 ## - ADDED ENTRY--PERSONAL NAME | |
| Personal name | Holmes, S. |
| 700 ## - ADDED ENTRY--PERSONAL NAME | |
| Personal name | Livesey, P. |
| 700 ## - ADDED ENTRY--PERSONAL NAME | |
| Personal name | Radonjic, M. |
| 942 ## - ADDED ENTRY ELEMENTS (KOHA) | |
| Suppress in OPAC | 0 |
| Withdrawn status | Lost status | Source of classification or shelving scheme | Damaged status | Not for loan | Home library | Current library | Shelving location | Date acquired | Cost, normal purchase price | Total Checkouts | Full call number | Barcode | Date last seen | Date last checked out | Copy number | Cost, replacement price | Price effective from | Koha item type |
|---|---|---|---|---|---|---|---|---|---|---|---|---|---|---|---|---|---|---|
| Dewey Decimal Classification | London | London | Books | 16/03/2004 | 20.00 | 13 | 691.5 FAR | 30068683 | 06/08/2019 | 23/03/2010 | 1 | 20.00 | 06/08/2019 | Book |